000 00241nam a2200109Ia 4500
005 20251222175818.0
008 251222s9999||||xx |||||||||||||| ||spa||
082 _aDVD0070/R14/1994
245 0 _aEl cartero
264 _bMiramax
942 _cDVD
999 _c40373
_d40373